París era una fiesta = A moveable feast
Na minha lista:
| Autor principal: | |
|---|---|
| Formato: | Livro |
| Idioma: | Undetermined |
| Publicado em: |
México, Distrito Federal
Biblioteca de Bolsillo
1997
|
| Edição: | 4 edición |
| Assuntos: | |
| Tags: |
Adicionar Tag
Sem tags, seja o primeiro a adicionar uma tag!
|
MARC
| LEADER | 00000nam a2200000Ia 4500 | ||
|---|---|---|---|
| 008 | 170316s9999 xx 000 0 und d | ||
| 999 | |c 30783 |d 30783 | ||
| 040 | |a cru BVZT | ||
| 090 | |a 810 H-13p | ||
| 100 | |a Hemingway, Ernest | ||
| 245 | |a París era una fiesta = A moveable feast |c Ernest, Hemingway , Gabriel Ferrater, traductor | ||
| 250 | |a 4 edición | ||
| 260 | |a México, Distrito Federal |b Biblioteca de Bolsillo |c 1997 | ||
| 300 | |a 208 páginas | ||
| 650 | |a LITERATURA ESTADOUNIDENSE |9 25 | ||
| 650 | 0 | |a NOVELA |9 13 | |
| 942 | |c 15 D |h 810 H-13p |2 z | ||
